Catálogo do Museu de Arte de São Paulo Assis Cheateaubriand = Catalogue of the Museu de Arte de São Paulo Assis Chateaubriand. (Record no. 6079)

MARC details
000 -CABECERA
campo de control de longitud fija 01358nam a2200277 a 4500
001 - NÚMERO DE CONTROL
campo de control BRCA_6394
005 - FECHA Y HORA DE LA ÚLTIMA TRANSACCIÓN
campo de control 20190320205433.0
008 - DATOS DE LONGITUD FIJA--INFORMACIÓN GENERAL
campo de control de longitud fija 030911s2008----bl-a######---#000-0#por-#
020 ## - NÚMERO INTERNACIONAL ESTÁNDAR DEL LIBRO
Número Internacional Estándar del Libro 9788586193408
041 ## - CÓDIGO DE LENGUA
Código de lengua del texto/banda sonora o título independiente poreng
044 ## - CÓDIGO DEL PAÍS DE LA ENTIDAD EDITORA/PRODUCTORA
Código MARC del país bl
050 #4 - SIGNATURA TOPOGRÁFICA DE LA BIBLIOTECA DEL CONGRESO
Número de clasificación N910
Número de documento/Ítem .C38 2008
245 10 - MENCIÓN DE TÍTULO
Título Catálogo do Museu de Arte de São Paulo Assis Cheateaubriand = Catalogue of the Museu de Arte de São Paulo Assis Chateaubriand.
260 ## - PUBLICACIÓN, DISTRIBUCIÓN, ETC.
Lugar de publicación, distribución, etc. Sao Paulo, Brasil
Nombre del editor, distribuidor, etc. Premio
Fecha de publicación, distribución, etc. 2008
300 ## - DESCRIPCIÓN FÍSICA
Extensión 3 v.
Otras características físicas il. a color
Dimensiones 31 cm.
504 ## - NOTA DE BIBLIOGRAFÍA, ETC.
Nota de bibliografía, etc. Incluye referencias bibliográficas e índice
505 0# - NOTA DE CONTENIDO CON FORMATO
Nota de contenido con formato Contenido: v.1. Arte Italiana, Península Ibérica, Europa Central = Italian Art, Iberian Peninsula, Central Europe. -- v.2. Arte Francesa, Europa Setentrional, Europa Oriental = French Art, Norther Europe, Eastern Europe. -- v.3. Arte do Brasil, Arte das Américas, Doaçôes e Coleçôes = Brazilian Art, American Art, Donations and Collections
546 ## - NOTA DE LENGUA/LENGUAJE
Nota de lengua/lenguaje Texto en: portugués e inglés
610 24 - PUNTO DE ACCESO ADICIONAL DE MATERIA--NOMBRE DE ENTIDAD CORPORATIVA
Nombre de entidad corporativa o nombre de jurisdicción como elemento de entrada Museu de Arte de Sâo Paulo Assis Chateaubriand (Brasil)
Subdivisión de forma Catálogos
9 (RLIN) 15991
650 14 - PUNTO DE ACCESO ADICIONAL DE MATERIA--TÉRMINO DE MATERIA
Término de materia o nombre geográfico como elemento de entrada Arte
Subdivisión de forma Catálogos
9 (RLIN) 4925
650 14 - PUNTO DE ACCESO ADICIONAL DE MATERIA--TÉRMINO DE MATERIA
Término de materia o nombre geográfico como elemento de entrada Arte europeo
Subdivisión de forma Catálogos
9 (RLIN) 2136
650 14 - PUNTO DE ACCESO ADICIONAL DE MATERIA--TÉRMINO DE MATERIA
Término de materia o nombre geográfico como elemento de entrada Arte Latinoamericano
Subdivisión de forma Catálogos
9 (RLIN) 15992
650 14 - PUNTO DE ACCESO ADICIONAL DE MATERIA--TÉRMINO DE MATERIA
Término de materia o nombre geográfico como elemento de entrada Arte brasileño
Subdivisión de forma Catálogos
9 (RLIN) 15993
740 0# - PUNTO DE ACCESO ADICIONAL--TÍTULO RELACIONADO O ANALÍTICO NO CONTROLADO
Título relacionado o analítico no controlado Catalogue of the Museu de Arte de São Paulo Assis Chateaubriand
942 ## - ELEMENTOS DE PUNTO DE ACCESO ADICIONAL (KOHA)
Fuente del sistema de clasificación o colocación Library of Congress Classification
Tipo de ítem Koha Libros
Holdings
Estado de retiro Estado de pérdida Estado dañado No para préstamo Código de colección Localización permanente Ubicación/localización actual Fecha de adquisición Total de préstamos Signatura topográfica completa Código de barras Fecha visto por última vez Precio válido a partir de Tipo de ítem Koha
El ejemplar forma parte de la colección y puede ser consultado según las políticas vigentes.       Acervo General Biblioteca del Museo Franz Mayer (Rogerio Casas-Alatriste) Biblioteca del Museo Franz Mayer (Rogerio Casas-Alatriste) 14/01/2012   N910 .C38 2008 02526 22/03/2019 22/03/2019 Libros
El ejemplar forma parte de la colección y puede ser consultado según las políticas vigentes.       Acervo General Biblioteca del Museo Franz Mayer (Rogerio Casas-Alatriste) Biblioteca del Museo Franz Mayer (Rogerio Casas-Alatriste) 14/01/2012   N910 .C38 2008 02527 22/03/2019 22/03/2019 Libros
El ejemplar forma parte de la colección y puede ser consultado según las políticas vigentes.         Biblioteca del Museo Franz Mayer (Rogerio Casas-Alatriste) Biblioteca del Museo Franz Mayer (Rogerio Casas-Alatriste) 03/09/2011   N910 .C38 2008 02528 22/03/2019 22/03/2019 Libros